Stadtwerke Solingen 695 - Statistiken

Allgemein
  • Dieses Quiz wurde 8 mal gespielt
  • Das Durchschnittsergebnis liegt bei 25 aus 30
Antwortstatistiken
Bildquiz Antwort % Korrekt
Abteiweg
100%
Entenpfuhl
100%
Graf-Wilhelm-Platz
100%
Halfeshof
100%
Ketzberg
100%
Meigen
100%
Mühlenplatz
100%
Obere Holzstraße
100%
Rathaus
100%
Unionstraße
100%
Untere Holzstraße
100%
Wernerstraße
100%
Werwolf
100%
Alleestraße
80%
Degenstraße
80%
Dycker Straße
80%
Eick
80%
Eugen-Maurer-Haus/ZDS
80%
Gerber Straße
80%
Heiliger Born
80%
Industriestraße
80%
Theodor-Heuss-Schule
80%
Volksgarten
80%
Buscher Feld
60%
Hacketäuerstraße
60%
Klingenstraße
60%
Mitte Bf
60%
Schulstraße
60%
Steinacker
60%
Windfeln
60%
Keine übereinstimmenden Quizze gefunden
Verteilung der Resultate
Anzahl Personen mit jedem Resultat
Perzentil nach korrekt beantworteten Fragen
Ihre Resultats-Entwicklung
Sie haben dieses Quiz noch nicht gespielt